000 00807nam a2200253 i 4500
999 _c168283
_d168283
001 2-00345817
003 PPAK
005 20180801224100.0
008 180801b cc ||||| |||| 00| 0 chi d
040 _aPPAK
_beng
_cPPAK
_erda
082 0 4 _a495.1
_2 23
090 0 0 _a495.1
_bSHA
_dK
100 0 _aShaung Mo Fang, Zhi
_e author
245 1 0 _aSheng dan lian huan hui, Tu biao : Christmas party
264 1 _aChangchun:
_bBei fang fu nus er tong chu ban she,
_c2014
300 _a36 pages :
_bcolour illustrtions ;
_c28 cm.
336 _2rdacontent
_atext
337 _2rdamedia
_aunmediated
338 _2rdacarrier
_avolume
490 1 _aWo chao xi ai de qu wei shu xue gu shi shu.
650 1 0 _aChinese language, Readers.
830 0 _aWo chao xi ai de qu wei shu xue gu shi shu.
942 _cB
_2ddc